| 000 | 00632na a2200253 4500 | ||
|---|---|---|---|
| 001 | 16540 | ||
| 003 | MIRAKIL | ||
| 005 | 20181213154902.0 | ||
| 008 | 161012b tu 000 0 | ||
| 020 | _a9944623040 | ||
| 040 |
_aMilas _btur _cTR-AnCHP |
||
| 041 | _atur | ||
| 082 |
_a956.422 _bA13b 2006 |
||
| 090 | _a956.422 A13b 2006 | ||
| 100 | _aAcevit, Fevzi | ||
| 245 |
_aBir zamanlar Adana _cFevzi Acevit |
||
| 260 |
_aAdana _bŞafak yayınevi _c2006 |
||
| 300 |
_a284 s. _c21 sm. |
||
| 610 |
_aCHP _xAnılar _zAdana |
||
| 651 |
_aAdana _xTarih |
||
| 651 |
_aAdana _xAnılar |
||
| 657 | _aAdana tarihi | ||
| 942 |
_2ddc _cBKS |
||
| 999 |
_c2555 _d2555 |
||